| 000 | 00924cab a2200337 4500 | ||
|---|---|---|---|
| 001 | ABS54683 | ||
| 008 | 090401t1995 xxu||||| |||| 00| 0 eng d | ||
| 035 | _a(Sirsi) u11755 | ||
| 041 | _aeng | ||
| 245 | _aMarket report: Sussex | ||
| 260 | _c1995 | ||
| 350 | _a0 | ||
| 490 |
_aProperty Week _v54(13) 28 March 1995, 44-64(8) |
||
| 650 | _aBRIGHTON | ||
| 650 | _aCHICHESTER | ||
| 650 | _aCRAWLEY | ||
| 650 | _aEAST GRINSTEAD | ||
| 650 | _aEAST SUSSEX | ||
| 650 | _aEASTBOURNE | ||
| 650 | _aGATWICK | ||
| 650 | _aHASTINGS | ||
| 650 | _aHORSHAM | ||
| 650 | _aINDUSTRIAL MARKET | ||
| 650 | _aPROPERTY-COMMERCIAL PROPERTY-OFFICE PROPERTY-OFFICE PROPERTY MARKET | ||
| 650 | _aPROPERTY-COMMERCIAL PROPERTY-RETAIL PROPERTY-RETAIL PROPERTY MARKET | ||
| 650 | _aWEST SUSSEX | ||
| 650 | _aWORTHING | ||
| 690 | _aPROPERTY-COMMERCIAL PROPERTY-COMMERCIAL PROPERTY MARKET | ||
| 942 | _n0 | ||
| 948 | _c04/03/1997 | ||
| 999 |
_c7504 _d7504 |
||